| 000 | 01181cam a2200313Ma 4500 | ||
|---|---|---|---|
| 001 | ocn244481359 | ||
| 003 | TZ-ArACH | ||
| 005 | 20160121174750.0 | ||
| 008 | 080827s2007 sz 000 0 eng | ||
| 035 | _a(OCoLC)244481359 | ||
| 040 |
_aNz _beng _cTZ-ArACH _dWAU _dOCLCF _dOCLCO _dOCLCQ |
||
| 041 | _aEng | ||
| 049 | _aTZAA | ||
| 050 |
_aJZ625 _b.H65 |
||
| 082 | 0 | 4 | _a341.73 |
| 110 |
_aInternational Committee of the Red Cross _917961 |
||
| 245 | 0 | 0 |
_aArms transfer decisions : applying international humanitarian law criteria, a practical guide _bapplying international humanitarian law criteria, a practical guide. |
| 260 |
_aGeneva : _bICRC, _c2007. |
||
| 300 |
_a22 pages ; _c30 cm |
||
| 504 | _aAnnexes | ||
| 650 | 0 |
_aArms transfers. _917962 |
|
| 650 | 0 |
_aHumanitarian law. _917963 |
|
| 650 | 7 |
_aArms transfers. _2fast _917964 |
|
| 650 | 7 |
_aHumanitarian law. _2fast _917965 |
|
| 653 | _aDonation by ICRC | ||
| 710 | 2 |
_aInternational Committee of the Red Cross. _917966 |
|
| 942 |
_2lcc _cBOOK |
||
| 999 |
_c3253 _d3253 |
||